20 richest cities in the world 2023 - Statistics

General Stats
  • This quiz has been taken 318 times
  • The average score is 15 of 20
Answer Stats
Rank City % Correct
1 New York City
99%
4 London
95%
2 Tokyo
94%
18 Paris
93%
6 Los Angeles
90%
8 Beijing
85%
9 Shanghai
85%
5 Singapore
78%
7 Hong Kong
75%
3 San Francisco
75%
11 Chicago
74%
10 Sydney
73%
16 Seoul
72%
20 Dubai
71%
12 Toronto
67%
15 Houston
60%
17 Melbourne
55%
13 Frankfurt
45%
14 Zurich
40%
19 Geneva
28%
No matching quizzes found
Score Distribution
Percent of People with Each Score
Percentile by Number Answered
Your Score History
You have not taken this quiz